Monopoly - Statistiken

Allgemein
  • Dieses Quiz wurde 244 mal gespielt
  • Das Durchschnittsergebnis liegt bei 23 aus 36
Antwortstatistiken
Feld % Korrekt
Westbahnhof
90%
Nordbahnhof
89%
Schlossallee
89%
Südbahnhof
89%
LOS
86%
Badstraße
81%
Hauptbahnhof
81%
Parkstraße
80%
Elektrizitätswerk
78%
Wasserwerk
78%
Turmstraße
77%
Ereignisfeld
76%
Goethestraße
69%
Lessingstraße
69%
Frei Parken
68%
Opernplatz
68%
Berliner Straße
67%
Schillerstraße
67%
Wiener Straße
63%
Theaterstraße
61%
Gemeinschaftsfeld
59%
Elisenstraße
54%
Rathausplatz
54%
Poststraße
53%
Bahnhofstraße
52%
Münchner Straße
52%
Seestraße
52%
Chausseestraße
51%
Museumsstraße
51%
Neue Straße
51%
Hafenstraße
49%
Hauptstraße
48%
Im Gefängnis / Nur zu Besuch
40%
Einkommensteuer
35%
Zusatzsteuer
33%
Gehen Sie in´s Gefängnis
23%
Keine übereinstimmenden Quizze gefunden
Verteilung der Resultate
Anzahl Personen mit jedem Resultat
Perzentil nach korrekt beantworteten Fragen
Ihre Resultats-Entwicklung
Sie haben dieses Quiz noch nicht gespielt